[Event "Politiken Cup 2011"]
[Site "Helsingor"]
[Date "2011.07.31"]
[Round "3.132"]
[White "Satre, Mathias"]
[Black "Lindgaard, Tobias"]
[Result "1-0"]
[WhiteElo "1756"]
[BlackElo "1434"]
[PlyCount "31"]
[EventDate "2011.??.??"]
[WhiteTeam "Bergen"]
[BlackTeam "Ribe"]

1. e4 e6 2. d4 d5 3. Nc3 Nf6 4. Bg5 dxe4 5. Nxe4 Nbd7 6. Nf3 Be7 7. Ng3 b6 8.
Bb5 Bb7 9. Ne5 Bxg2 10. Rg1 Bb7 11. Bxf6 gxf6 12. Bxd7+ Kf8 13. Qh5 fxe5 14.
Qh6+ Kg8 15. Nf5+ Bg5 16. Qg7# 1-0

[Event "Politiken Cup 2011"]
[Site "Helsingor"]
[Date "2011.07.31"]
[Round "3.133"]
[White "Madison, Sigurd"]
[Black "Rasmussen, Arne"]
[Result "1-0"]
[WhiteElo "1749"]
[BlackElo "1409"]
[PlyCount "37"]
[EventDate "2011.??.??"]
[WhiteTeam "LASK"]
[BlackTeam "Ishøj"]

1. e4 e5 2. Nf3 Nc6 3. Bb5 d6 4. c3 Bd7 5. O-O h6 6. Re1 Nf6 7. d4 a6 8. Ba4
Be7 9. dxe5 Nxe5 10. Bxd7+ Nfxd7 11. Nd4 O-O 12. Nf5 Nc5 13. f4 Ned3 14. b4
Nxe1 15. bxc5 Nxg2 16. Kxg2 dxc5 17. Qg4 Bf6 18. Be3 Kh7 19. e5 1-0

[Event "Politiken Cup 2011"]
[Site "Helsingor"]
[Date "2011.07.31"]
[Round "3.134"]
[White "Petersen, Jan"]
[Black "Aartun, Eivind"]
[Result "0-1"]
[WhiteElo "1396"]
[BlackElo "1747"]
[PlyCount "108"]
[EventDate "2011.??.??"]
[WhiteTeam "Helsingør"]
[BlackTeam "Stavanger"]

1. d4 d5 2. c4 c6 3. Nc3 Nf6 4. Bg5 a6 5. Bxf6 exf6 6. c5 b5 7. cxb6 Qxb6 8.
Qd2 Nd7 9. Nf3 Rb8 10. Rb1 Bb4 11. e3 Qa5 12. Bd3 Bxc3 13. Qxc3 Qxc3+ 14. bxc3
Rxb1+ 15. Bxb1 O-O 16. O-O a5 17. Bd3 c5 18. Rb1 c4 19. Bc2 Ba6 20. e4 dxe4 21.
Bxe4 Rb8 22. Rxb8+ Nxb8 23. Nd2 Nd7 24. Bc6 Nb6 25. Kf1 Kf8 26. Ke2 Ke7 27. Ke3
Kd6 28. Bf3 Na4 29. Ne4+ Ke6 30. Nc5+ Nxc5 31. dxc5 Ke5 32. c6 f5 33. Be2 f4+
34. Kd2 Kd6 35. Bf3 Bb5 36. Ke2 Bxc6 37. Bxc6 Kxc6 38. Kf3 Kb5 39. Ke4 Ka4 40.
Kd4 Ka3 41. Kxc4 Kxa2 42. Kb5 Kb3 43. c4 a4 44. c5 a3 45. c6 a2 46. c7 a1=Q 47.
c8=Q Qa4+ 48. Kb6 Qb4+ 49. Ka7 Qd4+ 50. Kb7 Qxf2 51. Qf5 Qxg2+ 52. Kc7 Qc2+ 53.
Qxc2+ Kxc2 54. Kd6 f3 0-1

[Event "Politiken Cup 2011"]
[Site "Helsingor"]
[Date "2011.07.31"]
[Round "3.135"]
[White "Kyrkjebo, Eirik"]
[Black "Hviid, Hans Henrik"]
[Result "1-0"]
[WhiteElo "1747"]
[BlackElo "1319"]
[PlyCount "59"]
[EventDate "2011.??.??"]
[WhiteTeam "Stavanger"]
[BlackTeam "Hillerød"]

1. e4 e5 2. Nf3 d6 3. d4 exd4 4. Nxd4 g6 5. Bc4 Bg7 6. O-O Bxd4 7. Qxd4 Qf6 8.
Qd3 Nc6 9. Nc3 Ne5 10. Qe2 Ne7 11. f4 Bg4 12. fxe5 Bxe2 13. Rxf6 Bxc4 14. exd6
Ng8 15. Rf2 cxd6 16. b3 Be6 17. Bb2 Ke7 18. Nd5+ Bxd5 19. exd5 f6 20. Re1+ Kd7
21. Rfe2 h5 22. Re6 Rh7 23. Ba3 Re7 24. Rxd6+ Kc7 25. Rde6 Rd7 26. c4 b5 27.
Rc6+ Kb7 28. Rc5 bxc4 29. bxc4 Rc8 30. Rb1+ 1-0

[Event "Politiken Cup 2011"]
[Site "Helsingor"]
[Date "2011.07.31"]
[Round "3.136"]
[White "Brobakken, Sindre"]
[Black "Wahlgren, Christer"]
[Result "0-1"]
[WhiteElo "1317"]
[BlackElo "1745"]
[PlyCount "88"]
[EventDate "2011.??.??"]
[WhiteTeam "Hamar"]
[BlackTeam "Eslov"]

1. Nf3 d5 2. g3 Nf6 3. Bg2 c5 4. O-O Nc6 5. d3 e5 6. Nbd2 Bd6 7. Re1 h6 8. e4
d4 9. Nc4 Bc7 10. a4 Be6 11. Ncd2 Qd7 12. b3 O-O-O 13. Nc4 Rdg8 14. Bd2 g5 15.
Na3 Bh3 16. Nb5 Bxg2 17. Kxg2 Bd8 18. Rb1 a5 19. c3 g4 20. Nh4 dxc3 21. Bxc3
Nh7 22. Nf5 h5 23. Nh6 Rf8 24. Nf5 Ng5 25. Nbd6+ Kb8 26. Nc4 Nf3 27. Re3 Nfd4
28. Nfd6 h4 29. Nb5 hxg3 30. Rxg3 f5 31. Nxd4 exd4 32. Bd2 Bc7 33. e5 Nxe5 34.
Bf4 Nf3 35. Bxc7+ Qxc7 36. Rxf3 gxf3+ 37. Kxf3 Re8 38. Qf1 Qc6+ 39. Kf4 Qh6+
40. Kxf5 Rhf8+ 41. Kg4 Qf4+ 42. Kh5 Rf5+ 43. Kg6 Rg8+ 44. Kh7 Qg5 0-1

[Event "Politiken Cup 2011"]
[Site "Helsingor"]
[Date "2011.07.31"]
[Round "3.137"]
[White "Salomonson, Sixten"]
[Black "Ostby, Martin Bergsjo"]
[Result "1/2-1/2"]
[WhiteElo "1742"]
[BlackElo "1288"]
[PlyCount "101"]
[EventDate "2011.??.??"]
[WhiteTeam "HG Schack Helsingborg"]
[BlackTeam "Oslo Schackselskab"]

1. e4 e5 2. Nc3 Nf6 3. Nf3 Nc6 4. d4 exd4 5. Nxd4 Bc5 6. Be3 Bxd4 7. Bxd4 O-O
8. Be3 Re8 9. Bd3 h6 10. O-O d6 11. Qd2 Ne5 12. f3 Nxd3 13. Qxd3 Be6 14. Rad1
Qe7 15. Rfe1 a6 16. Nd5 Bxd5 17. exd5 Qd7 18. c4 b5 19. b3 bxc4 20. Qxc4 Re5
21. Bf4 Rxe1+ 22. Rxe1 a5 23. Bg3 a4 24. Qc6 Qxc6 25. dxc6 axb3 26. axb3 Ra6
27. Rc1 Rb6 28. Bxd6 Ne8 29. Bf4 Rxb3 30. h3 g5 31. Bg3 f5 32. Be5 Rb5 33. f4
Rd5 34. Ra1 Rd8 35. Ra7 Rc8 36. Kf2 Kf7 37. Ke3 Ke6 38. Kd4 Nd6 39. Bxd6 Kxd6
40. Ra5 Rf8 41. g3 gxf4 42. gxf4 h5 43. Kc4 h4 44. Re5 Rf6 45. Kb5 Rf8 46. Kc4
Rf7 47. Re8 Re7 48. Rxe7 Kxe7 49. Kd5 Kf6 50. Kd4 Ke7 51. Kc5 1/2-1/2

[Event "Politiken Cup 2011"]
[Site "Helsingor"]
[Date "2011.07.31"]
[Round "3.138"]
[White "Jorgensen, Jens A. L"]
[Black "Jorgensen, Morten"]
[Result "0-1"]
[WhiteElo "1264"]
[BlackElo "1727"]
[PlyCount "72"]
[EventDate "2011.??.??"]
[WhiteTeam "Viby"]
[BlackTeam "Tårnby"]

1. e4 c5 2. Nf3 d6 3. h3 Nf6 4. Nc3 e6 5. a3 Be7 6. d4 cxd4 7. Nxd4 a6 8. Bc4
Bd7 9. Nf3 Qc7 10. Bb3 O-O 11. O-O Nc6 12. Re1 Rac8 13. Bf4 e5 14. Bg5 Be6 15.
Bxf6 Bxf6 16. Nd5 Bxd5 17. exd5 Na5 18. Rc1 Nc4 19. Bxc4 Qxc4 20. Nh2 Bg5 21.
b3 Qc5 22. b4 Qc7 23. Qg4 Bxc1 24. Rxc1 f5 25. Qh4 Qf7 26. c4 b5 27. Nf3 h6 28.
Nd2 bxc4 29. Rxc4 Qxd5 30. Rxc8 Rxc8 31. Nf3 Qf7 32. g4 fxg4 33. Qxg4 Rf8 34.
Nh2 Qxf2+ 35. Kh1 Qe1+ 36. Kg2 Rf2+ 0-1

[Event "Politiken Cup 2011"]
[Site "Helsingor"]
[Date "2011.07.31"]
[Round "3.139"]
[White "Merkesvik, Frode"]
[Black "Johnsen, Oystein"]
[Result "0-1"]
[WhiteElo "1112"]
[BlackElo "1724"]
[PlyCount "138"]
[EventDate "2011.??.??"]
[WhiteTeam "Bergen"]
[BlackTeam "Tonsberg"]

1. e4 c5 2. Nf3 e6 3. d4 cxd4 4. Nxd4 Nc6 5. c3 d6 6. Bb5 Qc7 7. O-O Nf6 8. Re1
Be7 9. Bg5 O-O 10. Bxf6 Bxf6 11. Nxc6 bxc6 12. Bf1 Bb7 13. Qc2 d5 14. Nd2 Rab8
15. Rab1 Rfd8 16. Kh1 g6 17. a3 h5 18. c4 d4 19. f3 h4 20. c5 Be5 21. h3 Bg3
22. Red1 Qf4 23. Bd3 Qg5 24. Nf1 Bf4 25. b4 Qe7 26. Qb2 Bc8 27. Qc2 e5 28. Qa4
Qc7 29. Qc2 Be6 30. Qf2 Qe7 31. Qc2 Kg7 32. Qa4 Qd7 33. Qc2 Rh8 34. Bc4 Bxh3
35. gxh3 Qxh3+ 36. Nh2 Bxh2 37. Qxh2 Qxf3+ 38. Qg2 Qxa3 39. Qf1 f6 40. Qd3 Qxd3
41. Bxd3 g5 42. Be2 Rb7 43. Rd2 Rc7 44. Ra1 Rb8 45. Rb2 Kg6 46. Kg2 Rd8 47. Ra3
Rb8 48. Kf3 Kh5 49. Kg2+ g4 50. Rb1 f5 51. exf5 e4 52. f6 Kg5 53. Kh2 d3 54.
Bd1 Rf8 55. Bxg4 Kxg4 56. Rg1+ Kf5 57. Rg7 Rff7 58. Ra6 Kxf6 59. Rxf7+ Kxf7 60.
Kg2 d2 61. Ra1 Rd7 62. Rd1 Rd3 63. Kf2 Ke6 64. Ke2 Kd5 65. Rb1 d1=Q+ 66. Rxd1
Rxd1 67. Kxd1 Kc4 68. Ke2 Kxb4 69. Ke3 a5 0-1

[Event "Politiken Cup 2011"]
[Site "Helsingor"]
[Date "2011.07.31"]
[Round "3.140"]
[White "Wallin, Kenneth"]
[Black "Thingstad, Tormod"]
[Result "1/2-1/2"]
[WhiteElo "1710"]
[BlackElo "1144"]
[PlyCount "54"]
[EventDate "2011.??.??"]
[WhiteTeam "HASK Helsingborg"]
[BlackTeam "Hønefoss"]

1. Nf3 Nf6 2. d4 d5 3. c4 e6 4. Nc3 Be7 5. e3 O-O 6. Bd3 dxc4 7. Bxc4 a6 8. Bb3
b5 9. O-O Bb7 10. Qe2 Nbd7 11. Rd1 Rc8 12. Bc2 Nd5 13. e4 Nxc3 14. bxc3 Nf6 15.
e5 Nd5 16. Qd3 g6 17. Rb1 b4 18. Bd2 bxc3 19. Rxb7 cxd2 20. Qxd2 Rb8 21. Rxb8
Qxb8 22. Rb1 Qa7 23. Bd3 Rb8 24. Rc1 Bb4 25. Qh6 Bf8 26. Qd2 Bb4 27. Qh6 Bf8
1/2-1/2

[Event "Politiken Cup 2011"]
[Site "Helsingor"]
[Date "2011.07.31"]
[Round "3.141"]
[White "Sønderskov, Lissi"]
[Black "Amarapala, Sherington"]
[Result "0-1"]
[WhiteElo "1099"]
[BlackElo "1709"]
[PlyCount "76"]
[EventDate "2011.??.??"]
[WhiteTeam "Allerød"]
[BlackTeam "Lorenskog"]

1. d4 d5 2. Nf3 e6 3. e3 c5 4. Bd3 Nc6 5. b3 Nf6 6. a3 a6 7. Bb2 cxd4 8. exd4
Bd7 9. O-O Bd6 10. Re1 O-O 11. Ne5 Rc8 12. f4 Qb6 13. c3 Be8 14. Nd2 Nd7 15.
Qf3 Ndxe5 16. fxe5 Nxe5 17. Qg3 Nxd3 18. Qxd3 Qc7 19. h3 Bh2+ 20. Kh1 Bd6 21.
Nf3 Bb5 22. Qc2 h6 23. Ne5 Qe7 24. g3 Qg5 25. Kg2 Rfe8 26. Qf2 f6 27. Bc1 Qf5
28. Nf3 Rxc3 29. a4 Bd3 30. Ra3 Bxa3 31. Bxa3 Rc2 32. Qxc2 Bxc2 33. g4 Qf4 34.
Bc1 Qd6 35. Re3 Rc8 36. Bd2 Be4 37. h4 Rc2 38. Kh3 Bxf3 0-1

[Event "Politiken Cup 2011"]
[Site "Helsingor"]
[Date "2011.07.31"]
[Round "3.142"]
[White "Seirup, Simon"]
[Black "Jensen, Torben Brieghel"]
[Result "1-0"]
[WhiteElo "1694"]
[BlackElo "1098"]
[PlyCount "63"]
[EventDate "2011.??.??"]
[WhiteTeam "Jyderup"]
[BlackTeam "Hillerød"]

1. d4 g6 2. c4 Bg7 3. Nc3 Nf6 4. e4 d6 5. Nf3 O-O 6. Be2 e5 7. O-O Nc6 8. d5
Ne7 9. b4 Ne8 10. c5 f5 11. Nd2 fxe4 12. Ndxe4 Nf6 13. Nxf6+ Bxf6 14. cxd6 cxd6
15. Ne4 Nf5 16. Bg4 Be7 17. Ng3 Nd4 18. a4 b6 19. Be3 Bxg4 20. Qxg4 Nc2 21.
Qe6+ Rf7 22. Rab1 Nxe3 23. fxe3 Bf6 24. Ne4 Kg7 25. Nxd6 Rf8 26. Ne4 Qe7 27.
Rxf6 Qxe6 28. Rxe6 Rae8 29. Rxe8 Rxe8 30. Rc1 Kh6 31. d6 Kg7 32. Rc7+ 1-0

[Event "Politiken Cup 2011"]
[Site "Helsingor"]
[Date "2011.07.31"]
[Round "3.143"]
[White "Andreassen, Espen"]
[Black "Bratteteig, Tore-Inge"]
[Result "1/2-1/2"]
[WhiteElo "1000"]
[BlackElo "1671"]
[PlyCount "146"]
[EventDate "2011.??.??"]
[WhiteTeam "Sevland"]
[BlackTeam "Masfjorden"]

1. e4 e6 2. d4 d5 3. e5 c5 4. c3 Nc6 5. Nf3 Qb6 6. b3 cxd4 7. cxd4 Bb4+ 8. Bd2
Nxd4 9. Bxb4 Nxf3+ 10. Qxf3 Qxb4+ 11. Qc3 Qb6 12. Nd2 Bd7 13. Nf3 Rc8 14. Qd2
Qc7 15. Be2 Qc3 16. Qxc3 Rxc3 17. O-O Ne7 18. Rac1 Rxc1 19. Rxc1 Nc6 20. a4 O-O
21. h3 Rc8 22. Bd3 h6 23. Bb5 a6 24. Bd3 Kf8 25. Rb1 Nb4 26. Bf1 f6 27. Rd1 Rc3
28. exf6 gxf6 29. Rb1 e5 30. Nd2 Bf5 31. Rd1 Ke7 32. g4 Be6 33. Rb1 Kd6 34. Kh2
e4 35. Bg2 f5 36. Re1 f4 37. Bxe4 Nd3 38. Rf1 Nc5 39. Rd1 Nxb3 40. Bxd5 Nxd2
41. Bxe6 Kxe6 42. Rxd2 Rc4 43. Rb2 Rc7 44. Rb6+ Rc6 45. Rxb7 Kd5 46. Kg2 Ke4
47. Rb4+ Ke5 48. Kf3 Rc3+ 49. Kg2 Rc6 50. Rb3 Ke4 51. f3+ Ke5 52. Rb7 Kd4 53.
Kf2 Kc3 54. Rb1 Rd6 55. Kf1 Re6 56. h4 Rd6 57. Re1 Kb3 58. Re4 Rf6 59. Ke2 Kc3
60. Re5 Kb4 61. Rf5 Re6+ 62. Kd3 Re3+ 63. Kd4 Rxf3 64. Ke4 Rh3 65. h5 Kxa4 66.
Kxf4 Rh1 67. g5 hxg5+ 68. Kxg5 Rg1+ 69. Kf6 a5 70. h6 Rh1 71. Kg6 Rxh6+ 72.
Kxh6 Kb4 73. Kg5 a4 1/2-1/2

[Event "Politiken Cup 2011"]
[Site "Helsingor"]
[Date "2011.07.31"]
[Round "3.144"]
[White "Larsen, Poul M"]
[Black "Thybo, Jan"]
[Result "1-0"]
[WhiteElo "1653"]
[BlackElo "1042"]
[PlyCount "117"]
[EventDate "2011.??.??"]
[WhiteTeam "Haslev"]
[BlackTeam "Morsø"]

1. Nf3 Nf6 2. c4 g6 3. g3 Bg7 4. Bg2 d6 5. d4 O-O 6. Nc3 e5 7. dxe5 dxe5 8.
Qxd8 Rxd8 9. Nxe5 Nbd7 10. Nd3 Nb6 11. c5 Nbd5 12. Bd2 c6 13. O-O Nxc3 14. Bxc3
Bf5 15. Rad1 Re8 16. e3 Rad8 17. Nc1 Ne4 18. Bxg7 Kxg7 19. Nb3 Nf6 20. Na5 Rxd1
21. Rxd1 Rb8 22. b3 Be4 23. f3 Bd5 24. e4 Be6 25. Rd2 Nd7 26. b4 Ne5 27. f4 Nc4
28. Nxc4 Bxc4 29. a3 b6 30. Rd4 Bb5 31. e5 bxc5 32. bxc5 Re8 33. a4 Rb8 34.
axb5 Rxb5 35. Rc4 a5 36. Bxc6 Rb1+ 37. Kf2 Kf8 38. Ba4 Ke7 39. Rd4 Rb4 40. Rxb4
axb4 41. c6 Kd8 42. Bb3 Kc7 43. Bxf7 Kxc6 44. Ke3 Kd7 45. Kd4 Ke7 46. Bb3 h5
47. h3 Kf8 48. g4 h4 49. f5 g5 50. Kc5 Ke7 51. Kxb4 Kf8 52. Kc5 Ke7 53. Kc6 Kf8
54. Kd7 Kg7 55. e6 Kf8 56. f6 Kg8 57. e7+ Kh7 58. Bc2+ Kh6 59. f7 1-0

[Event "Politiken Cup 2011"]
[Site "Helsingor"]
[Date "2011.07.31"]
[Round "3.145"]
[White "Nielsen, Bjørn"]
[Black "Dyrhaug, Sverre S"]
[Result "0-1"]
[WhiteElo "1619"]
[BlackElo "1019"]
[PlyCount "100"]
[EventDate "2011.??.??"]
[WhiteTeam "KS"]
[BlackTeam "Stavanger"]

1. e4 e6 2. d4 d5 3. e5 c5 4. Be3 cxd4 5. Bxd4 Nc6 6. c3 Nxd4 7. cxd4 Bb4+ 8.
Nc3 Bd7 9. Nf3 Ne7 10. Bd3 O-O 11. O-O Rc8 12. Ng5 Nf5 13. Bxf5 Qxg5 14. Bh3
Bxc3 15. bxc3 Rxc3 16. g3 f5 17. exf6 Rxf6 18. Qg4 Qxg4 19. Bxg4 Rd3 20. Rfd1
Rxd1+ 21. Rxd1 Rf8 22. f4 Rc8 23. Rd2 Kf7 24. Kf2 b5 25. Bf3 a5 26. f5 b4 27.
fxe6+ Kxe6 28. Bd1 Rc3 29. Re2+ Kd6 30. Re3 Rc4 31. Rd3 Bb5 32. Bb3 Rc7 33. Re3
a4 34. Bd1 Ra7 35. Re5 Bc4 36. a3 bxa3 37. Re1 a2 38. Bc2 Rb7 39. Bxh7 Rb2+ 40.
Kg1 Bb3 41. Rc1 Bc2 42. Bxc2 Rxc2 43. Ra1 Rb2 44. Rf1 Rb1 45. Kg2 Rxf1 46. h4
a1=Q 47. Kh3 Qd1 48. g4 Rf3+ 49. Kg2 Qe2+ 50. Kg1 Rf1# 0-1

[Event "Politiken Cup 2011"]
[Site "Helsingor"]
[Date "2011.07.31"]
[Round "3.146"]
[White "Brastein, Ragner"]
[Black "Larsen, Henrik Falk"]
[Result "0-1"]
[WhiteElo "1000"]
[BlackElo "1619"]
[PlyCount "72"]
[EventDate "2011.??.??"]
[WhiteTeam "Sandness"]
[BlackTeam "Enkeltmedlem"]

1. d4 d5 2. Nf3 e6 3. Bf4 c5 4. e3 a6 5. c3 Nc6 6. Bd3 c4 7. Bc2 Nf6 8. h3 h6
9. Nbd2 Bd6 10. Bxd6 Qxd6 11. O-O O-O 12. Qe2 b5 13. e4 dxe4 14. Nxe4 Nxe4 15.
Qxe4 f5 16. Qe2 Bb7 17. Rfe1 Rae8 18. a4 Rf6 19. b3 cxb3 20. Bxb3 bxa4 21. Bxa4
Re7 22. Ne5 Nxe5 23. dxe5 Qd5 24. f3 Rg6 25. Kh2 Rc7 26. Rac1 f4 27. h4 h5 28.
c4 Qd8 29. Qf2 Rg3 30. Rc3 Qxh4+ 31. Kg1 Qg5 32. c5 h4 33. Kf1 Qh5 34. Ke2
Qxe5+ 35. Kd2 Qd5+ 36. Kc2 Qa2+ 0-1

[Event "Politiken Cup 2011"]
[Site "Helsingor"]
[Date "2011.07.31"]
[Round "3.147"]
[White "Wadtland, Flemming"]
[Black "Andreassen, Jonas"]
[Result "1-0"]
[WhiteElo "1605"]
[BlackElo "1000"]
[PlyCount "55"]
[EventDate "2011.??.??"]
[WhiteTeam "Taastrup"]
[BlackTeam "Sevland"]

1. c4 e5 2. Nc3 Nc6 3. Nf3 f5 4. d4 Bd6 5. dxe5 Bxe5 6. Nxe5 Nxe5 7. b3 b6 8.
Bb2 Nf6 9. Qc2 d6 10. O-O-O Nc6 11. Ba3 Bb7 12. Qxf5 O-O 13. Qd3 Ne5 14. Qc2 c5
15. h3 a6 16. f3 b5 17. Bxc5 Qc7 18. Bxd6 Qc6 19. Bxe5 bxc4 20. e4 cxb3 21.
Qxb3+ Kh8 22. Bc4 Nd7 23. Bd5 Qg6 24. Bd4 Bxd5 25. Nxd5 Rfc8+ 26. Kd2 Qxg2+ 27.
Ke3 Rc2 28. Bxg7+ 1-0

[Event "Politiken Cup 2011"]
[Site "Helsingor"]
[Date "2011.07.31"]
[Round "3.148"]
[White "Dyrhaug, Erling Skjolas"]
[Black "Rasmussen, Jonas H"]
[Result "0-1"]
[WhiteElo "1000"]
[BlackElo "1598"]
[PlyCount "108"]
[EventDate "2011.??.??"]
[WhiteTeam "Stavanger"]
[BlackTeam "Bergen"]

1. e4 e5 2. Nf3 Nc6 3. Bc4 Bc5 4. c3 Nf6 5. d4 exd4 6. cxd4 Bb4+ 7. Bd2 Nxe4 8.
Bxb4 Nxb4 9. Bxf7+ Kxf7 10. Qb3+ d5 11. Qxb4 Re8 12. O-O a5 13. Qb3 Kg8 14. Re1
c6 15. Nbd2 Nxd2 16. Nxd2 Rxe1+ 17. Rxe1 b5 18. Nf3 h6 19. Ne5 Bd7 20. Nxd7
Qxd7 21. h4 Re8 22. Rxe8+ Qxe8 23. Qc3 a4 24. b3 axb3 25. axb3 Kh8 26. g3 Qg6
27. Kg2 Qe4+ 28. f3 Qe2+ 29. Kg1 Qe6 30. Kg2 Kh7 31. Qc2+ Kg8 32. b4 Kh8 33. g4
Qd6 34. Qd2 Qf6 35. Kg3 Qd6+ 36. Kg2 Qe7 37. Kg3 Qc7+ 38. Kg2 Qa7 39. h5 Qa1
40. Qe2 Qa8 41. Kg3 Qb8+ 42. Kg2 Qf8 43. Kh3 Qxb4 44. Qe8+ Kh7 45. Qxc6 Qb1 46.
Qxd5 b4 47. Qc6 b3 48. f4 Qd3+ 49. Kh4 Qc2 50. Qg6+ Qxg6 51. hxg6+ Kxg6 52. Kg3
b2 53. Kf3 b1=Q 54. f5+ Kg5 0-1

[Event "Politiken Cup 2011"]
[Site "Helsingor"]
[Date "2011.07.31"]
[Round "3.149"]
[White "Haukenes, Alise"]
[Black "Brobakken, Jørgen"]
[Result "1-0"]
[WhiteElo "1595"]
[BlackElo "1000"]
[PlyCount "39"]
[EventDate "2011.??.??"]
[WhiteTeam "Hamar"]
[BlackTeam "Hamar"]

1. d4 d5 2. c4 e6 3. Nc3 Nf6 4. g3 Nc6 5. cxd5 Nxd5 6. Bg2 Bb4 7. Bd2 Bxc3 8.
bxc3 O-O 9. Nf3 b6 10. Qc2 Re8 11. e4 Nde7 12. e5 Ba6 13. Ng5 h6 14. Qh7+ Kf8
15. Qh8+ Ng8 16. Nh7+ Ke7 17. Bxc6 Bd3 18. Qxg7 Rb8 19. Bxh6 Nxh6 20. Qf6# 1-0

[Event "Politiken Cup 2011"]
[Site "Helsingor"]
[Date "2011.07.31"]
[Round "3.150"]
[White "Haukenes, Jonas"]
[Black "Jensen, Jonbert M S"]
[Result "0-1"]
[WhiteElo "1000"]
[BlackElo "1595"]
[PlyCount "50"]
[EventDate "2011.??.??"]
[WhiteTeam "Hamar"]
[BlackTeam "AS04"]

1. d4 Nf6 2. c4 g6 3. Nf3 Bg7 4. Nc3 O-O 5. Bf4 d6 6. e3 Nbd7 7. Bd3 Nh5 8. O-O
Nxf4 9. exf4 e6 10. d5 Nc5 11. dxe6 Bxe6 12. b3 Bxc3 13. Rc1 Bg7 14. Be2 Bh6
15. Qd2 Qf6 16. g3 Ne4 17. Qe3 Nc5 18. Ng5 Rfe8 19. Ne4 Nxe4 20. Qxe4 Bg4 21.
Qxb7 Bxe2 22. Rfe1 Qb2 23. Ra1 Bg7 24. a4 Qd2 25. Qxc7 Bxa1 0-1

[Event "Politiken Cup 2011"]
[Site "Helsingor"]
[Date "2011.07.31"]
[Round "3.151"]
[White "Jacobsen, Caroline Beer"]
[Black "Haukenes, Elias"]
[Result "1-0"]
[WhiteElo "1586"]
[BlackElo "1000"]
[PlyCount "53"]
[EventDate "2011.??.??"]
[WhiteTeam "Stavanger"]
[BlackTeam "Hamar"]

1. e4 e5 2. Nf3 Nc6 3. Bb5 d6 4. Bxc6+ bxc6 5. O-O Nf6 6. Re1 Be7 7. c3 c5 8.
d3 O-O 9. Nbd2 Bg4 10. Nf1 Re8 11. h3 Bxf3 12. Qxf3 d5 13. exd5 Nxd5 14. Rxe5
Qd6 15. Rxd5 Qa6 16. Bf4 Qb6 17. b3 Bf6 18. Rc1 c6 19. Rd6 Rad8 20. Rxd8 Rxd8
21. Nd2 g5 22. Bg3 Re8 23. Qxf6 Re6 24. Qxg5+ Rg6 25. Qf4 Qd8 26. Qb8 Qxb8 27.
Bxb8 1-0

[Event "Politiken Cup 2011"]
[Site "Helsingor"]
[Date "2011.07.31"]
[Round "3.124"]
[White "Svane, Freja"]
[Black "Bremer, Erik"]
[Result "0-1"]
[WhiteElo "1000"]
[BlackElo "1578"]
[PlyCount "68"]
[EventDate "2011.??.??"]
[WhiteTeam "Lübecker Schackverein"]
[BlackTeam "Blindes Skakklub"]

1. e4 e5 2. Nf3 Nc6 3. Bb5 a6 4. Bc4 Nf6 5. d3 d6 6. O-O Be7 7. Be3 O-O 8. Nbd2
b5 9. Bb3 Na5 10. Qe2 c5 11. a3 Nc6 12. Ng5 h6 13. Ngf3 Bg4 14. Rad1 Rc8 15.
Rfe1 Nd4 16. Bxd4 cxd4 17. h3 Bd7 18. Nf1 Nh7 19. Ng3 Rc7 20. Nh5 Qc8 21. Rc1
Ng5 22. Kh1 Ne6 23. Nh2 g6 24. Ng3 Nf4 25. Qd2 Bxh3 26. gxh3 Qxh3 27. Rg1 Bg5
28. Qb4 Nxd3 29. cxd3 Rxc1 30. Rxc1 Bxc1 31. Qxd6 Bf4 32. Qxa6 h5 33. Qxb5 h4
34. Ne2 Qxh2# 0-1

[Event "Politiken Cup 2011"]
[Site "Helsingor"]
[Date "2011.07.31"]
[Round "3.152"]
[White "Overas, Vegard"]
[Black "Hjornevik, Oyvind"]
[Result "1-0"]
[WhiteElo "1561"]
[BlackElo "1000"]
[PlyCount "55"]
[EventDate "2011.??.??"]
[BlackTeam "Sandness"]

1. d4 d5 2. c4 dxc4 3. Nc3 Nc6 4. e3 e5 5. d5 Nb4 6. Bxc4 Nf6 7. a3 Na6 8. Bxa6
bxa6 9. e4 Bg4 10. f3 Bd7 11. Be3 Bd6 12. Nge2 O-O 13. O-O c5 14. f4 exf4 15.
Nxf4 Qa5 16. h3 c4 17. Nh5 Ba4 18. Nxf6+ gxf6 19. Qxa4 Qxa4 20. Nxa4 Rab8 21.
Rxf6 Rfd8 22. Bd4 Rb5 23. Raf1 Be7 24. Rxf7 Rf8 25. Rg7+ Kh8 26. Rxe7+ Kg8 27.
Rg7+ Kh8 28. Rxf8# 1-0

[Event "Politiken Cup 2011"]
[Site "Helsingor"]
[Date "2011.07.31"]
[Round "3.154"]
[White "Hansen, Erik Friberg"]
[Black "Svane, Ninna"]
[Result "1-0"]
[WhiteElo "1539"]
[BlackElo "1000"]
[PlyCount "48"]
[EventDate "2011.??.??"]
[WhiteTeam "Ishøj"]
[BlackTeam "Lubecker Schachverein"]

1. d4 Nf6 2. Nf3 g6 3. e3 Bg7 4. Bd3 O-O 5. c3 d6 6. Qc2 Bg4 7. Nbd2 Nbd7 8. h3
Be6 9. e4 c5 10. d5 c4 11. Bxc4 Bg4 12. hxg4 Nxg4 13. Be2 Qb6 14. Rf1 Nxf2 15.
Rxf2 Nf6 16. Nd4 e5 17. dxe6 Rae8 18. Nc4 Qc7 19. Bf4 Qe7 20. Bxd6 Qd8 21. Bxf8
Bxf8 22. O-O-O Bh6+ 23. Kb1 fxe6 24. Nf5 Qb6 1-0

[Event "Politiken Cup 2011"]
[Site "Helsingor"]
[Date "2011.07.31"]
[Round "3.155"]
[White "Kyrkjebo, Marte B"]
[Black "Svane, Kristian"]
[Result "1/2-1/2"]
[WhiteElo "1522"]
[BlackElo "1000"]
[PlyCount "88"]
[EventDate "2011.??.??"]
[WhiteTeam "Stavenger"]
[BlackTeam "Lübecker Schackverein"]

1. e4 d6 2. d4 Nf6 3. Nc3 g6 4. f3 Bg7 5. Be3 O-O 6. Qd2 e5 7. O-O-O exd4 8.
Bxd4 c5 9. Bxc5 Nc6 10. Qxd6 Nd7 11. Qd2 Nxc5 12. Qe3 Qb6 13. Kb1 Be6 14. g4
Na5 15. e5 Nc4 16. Bxc4 Bxc4 17. Rd6 Qc7 18. Qd4 Be6 19. Nb5 Qc8 20. h4 Rd8 21.
Ne2 Rxd6 22. Nxd6 Qc6 23. Qe3 Nd7 24. Nd4 Qd5 25. c4 Qxe5 26. Qxe5 Bxe5 27.
Nxe6 fxe6 28. Rd1 Bxd6 29. Rxd6 Nc5 30. b4 Na6 31. a3 Nc7 32. Rd7 Rc8 33. Kb2
b5 34. cxb5 Nxb5 35. Rb7 Nd4 36. Rxa7 Nxf3 37. h5 e5 38. Re7 gxh5 39. gxh5 h6
40. Kb3 Nd4+ 41. Kb2 Rc2+ 42. Kb1 Re2 43. a4 Kf8 44. Rh7 Rh2 1/2-1/2

[Event "Politiken Cup 2011"]
[Site "Helsingor"]
[Date "2011.07.31"]
[Round "2.1"]
[White "Andersen, Morten"]
[Black "Nielsen, Peter Heine"]
[Result "0-1"]
[WhiteElo "2172"]
[BlackElo "2681"]
[PlyCount "88"]
[EventDate "2011.??.??"]
[WhiteTeam "Centrum"]
[BlackTeam "Skanderborg"]

1. d4 Nf6 2. c4 e6 3. Nf3 c5 4. d5 d6 5. Nc3 exd5 6. cxd5 g6 7. a4 Bg7 8. Nd2
O-O 9. g3 Re8 10. Bg2 Nbd7 11. O-O Nh5 12. Bf3 Ne5 13. Bxh5 gxh5 14. Nde4 Bf5
15. Bg5 f6 16. Bc1 h4 17. f3 Kh8 18. Bf4 hxg3 19. hxg3 Qd7 20. Kf2 Re7 21. Rh1
Rae8 22. Kg2 Bxe4 23. Nxe4 Ng6 24. Bh6 Bxh6 25. Rxh6 Qf5 26. Nc3 Qg5 27. Qc1
Re3 28. Qh1 R8e7 29. Re1 Nf4+ 30. Kf1 Nd3 31. Ne4 R3xe4 32. fxe4 Nxe1 33. Kxe1
Qc1+ 34. Kf2 Qxh1 35. Rxh1 Rxe4 36. Rh4 Rxh4 37. gxh4 Kg7 38. Kf3 f5 39. Kf4
Kf6 40. a5 b5 41. axb6 axb6 42. e4 fxe4 43. Kxe4 b5 44. b3 b4 0-1

[Event "Politiken Cup 2011"]
[Site "Helsingor"]
[Date "2011.07.31"]
[Round "2.2"]
[White "Bu, Xiangzhi"]
[Black "Nielsen, Michael"]
[Result "1-0"]
[WhiteElo "2675"]
[BlackElo "2170"]
[PlyCount "63"]
[EventDate "2011.??.??"]
[WhiteTeam "Shangdon"]
[BlackTeam "K41"]

1. Nf3 Nf6 2. c4 g6 3. b3 c5 4. Bb2 Bg7 5. e3 O-O 6. Be2 Nc6 7. O-O b6 8. Qc1
Bb7 9. Rd1 Rc8 10. d4 cxd4 11. Nxd4 Nxd4 12. Bxd4 d6 13. Qa3 a6 14. Nc3 Nd7 15.
Bxg7 Kxg7 16. Nd5 Bxd5 17. Rxd5 a5 18. Qb2+ Kg8 19. Rad1 Rc5 20. h4 Nf6 21.
R5d4 Qc8 22. a3 d5 23. h5 dxc4 24. bxc4 Qe6 25. h6 Ne8 26. Rd7 f6 27. Rb7 Nd6
28. Qxb6 Qe5 29. Rxe7 Qxe7 30. Qxc5 Nf5 31. Qxa5 Re8 32. Qb6 1-0

[Event "Politiken Cup 2011"]
[Site "Helsingor"]
[Date "2011.07.31"]
[Round "2.4"]
[White "Fridman, Daniel"]
[Black "Schroeder, Jan-Christian"]
[Result "1-0"]
[WhiteElo "2659"]
[BlackElo "2164"]
[PlyCount "57"]
[EventDate "2011.??.??"]
[WhiteTeam "Mulheim"]
[BlackTeam "SV 1920 Hofheim"]

1. g3 d5 2. Bg2 c6 3. c4 Nf6 4. Nf3 Bf5 5. Qb3 Qb6 6. cxd5 Qxb3 7. axb3 cxd5 8.
Nd4 Bd7 9. Nc3 Nc6 10. Ndb5 Kd8 11. Bxd5 Nxd5 12. Nxd5 Rc8 13. d3 Be6 14. e4
Bxd5 15. exd5 Nb4 16. O-O a6 17. Nc3 g6 18. Rd1 Bg7 19. d4 b5 20. Bd2 Bxd4 21.
Ne4 Nc2 22. Rxa6 Kd7 23. Bc3 Bxc3 24. bxc3 f5 25. Ra7+ Rc7 26. Nc5+ Kd6 27.
Rxc7 Kxc7 28. Rc1 Na3 29. Na6+ 1-0